000 00803nam a2200253Ia 4500
003 OSt
005 20220923213622.0
006 a|||||r|||| 00| 0
007 ta
008 220922b |||||||| |||| 00| 0 hin d
024 _a163,545
037 _cTextual
040 _aARTS
_cARTS
_bhin
041 _2hin
_ahin
082 _aO152,1N121x, L0
100 _aअग्रवाल, केदारनाथ
245 0 _aआग का आईना
246 _aĀg kā āīnā
260 _aइलाहाबाद
_b परिमल प्रकाशन
_c1970
300 _a95 पृ.
_ccm.
650 _aहिन्दी साहित्य
_9156264
942 _hO152,1N121x, L0
_cTEXL
_2CC
999 _c318025
_d318025